FIDLAR-All Songs - Statistics

General Stats
  • This quiz has been taken 12 times
  • The average score is 29 of 52
Answer Stats
Album/Year Song % Correct
Too (2015) 40oz. On Repeat
100%
Almost Free (2019) Called You Twice
100%
FIDLAR (2012) Cheap Beer
100%
FIDLAR (2012) Cocaine
100%
SURVIVING THE DREAM (2024) FIX ME
100%
Almost Free (2019) Get Off My Rock
100%
FIDLAR (2012) Max Can't Surf
100%
Too (2015) Sober
100%
FIDLAR (2012) Stoked and Broke
100%
Too (2015) West Coast
100%
FIDLAR (2012) 5 to 9
67%
Almost Free (2019) Alcohol
67%
Too (2015) Bad Medicine
67%
FIDLAR (2012) Blackout Stout
67%
Almost Free (2019) By Myself
67%
Almost Free (2019) Can't You See
67%
SURVIVING THE DREAM (2024) DOG HOUSE
67%
SURVIVING THE DREAM (2024) GET OFF MY WAVE
67%
FIDLAR (2012) Gimmie Something
67%
Almost Free (2019) Good Times Are Over
67%
SURVIVING THE DREAM (2024) HURT
67%
SURVIVING THE DREAM (2024) I DON'T WANT TO DO THIS
67%
FIDLAR (2012) LDA
67%
SURVIVING THE DREAM (2024) LOW
67%
SURVIVING THE DREAM (2024) MAKING SHIT UP
67%
FIDLAR (2012) No Waves
67%
Almost Free (2019) Nuke
67%
SURVIVING THE DREAM (2024) ORANGE COUNTY
67%
Too (2015) Overdose
67%
Too (2015) Punks
67%
Almost Free (2019) Too Real
67%
FIDLAR (2012) Wake Bake Skate
67%
FIDLAR (2012) Whore
67%
Too (2015) Why Generation
67%
Almost Free (2019) Almost Free
33%
Too (2015) Bad Habits
33%
Too (2015) Drone
33%
Almost Free (2019) Flake
33%
SURVIVING THE DREAM (2024) NUDGE
33%
SURVIVING THE DREAM (2024) SAD KIDS
33%
Almost Free (2019) Thought. Mouth.
33%
FIDLAR (2012) Wait for the Man
33%
FIDLAR (2012) White on White
33%
SURVIVING THE DREAM (2024) BREAK YOUR HEART
0%
SURVIVING THE DREAM (2024) CHANGE
0%
SURVIVING THE DREAM (2024) DOWN N OUT
0%
Too (2015) Hey Johnny
0%
Almost Free (2019) Kick
0%
Too (2015) Leave Me Alone
0%
FIDLAR (2012) Paycheck
0%
Almost Free (2019) Scam Likely
0%
Too (2015) Stupid Decisions
0%
No matching quizzes found
Score Distribution
Percent of People with Each Score
Percentile by Number Answered
Your Score History
You have not taken this quiz